[Event "Wuerttemberg-ch U16"]
[Site "Friedrichshafen"]
[Date "2005.03.30"]
[Round "4"]
[White "Reichert, Manuel"]
[Black "Stuetzner, Emanuel"]
[Result "0-1"]
[WhiteElo "1467"]
[BlackElo "1599"]
[PlyCount "86"]
[EventDate "2005.03.29"]
[EventType "swiss"]
[EventRounds "7"]
[EventCountry "GER"]
[SourceTitle "EXT 2007"]
[Source "ChessBase"]
[SourceDate "2006.11.23"]
[SourceVersion "1"]
[SourceVersionDate "2006.11.23"]
[SourceQuality "1"]

1. c4 Nf6 2. d4 e6 3. Nc3 Bb4 4. Bd2 c5 5. e3 cxd4 6. exd4 d5 7. c5 0-0 8. a3 Ba5 9. b4 Bc7 10. Nf3 Nbd7 11. Bd3 e5 12. dxe5 Nxe5 13. Be3 Nxf3+ 14. gxf3 Re8 15. Ne2 Be5 16. Bb5 Bd7 17. Bxd7 Qxd7 18. Nd4 Qh3 19. Ke2 Qg2 20. h4 Bg3 21. Qg1 Rxe3+ 22. Kd2 Qxf2+ 23. Qxf2 Bxf2 24. Rhf1 Re1 25. Raxe1 Bxd4 26. Re7 b6 27. c6 Kf8 28. Rfe1 Ne4+ 29. fxe4 Kxe7 30. exd5+ Kd6 31. b5 Bc5 32. Kc3 Bxa3 33. Kc4 Bb2 34. Rf1 Bf6 35. h5 h6 36. Rf2 Re8 37. Rf1 Re5 38. Rd1 Rxh5 39. Rd2 Rh4+ 40. Kb3 Rd4 41. Rxd4 Bxd4 42. Kc2 Be5 43. Kd3 Kxd5 0-1

[Event "Wuerttemberg-ch U16"]
[Site "Friedrichshafen"]
[Date "2005.03.29"]
[Round "1"]
[White "Stuetzner, Emanuel"]
[Black "Geshnizjani, Ramin Tobias"]
[Result "0-1"]
[WhiteElo "1599"]
[BlackElo "1876"]
[PlyCount "70"]
[EventDate "2005.03.29"]
[EventType "swiss"]
[EventRounds "7"]
[EventCountry "GER"]
[SourceTitle "EXT 2007"]
[Source "ChessBase"]
[SourceDate "2006.11.23"]
[SourceVersion "1"]
[SourceVersionDate "2006.11.23"]
[SourceQuality "1"]

1. e4 e5 2. Nf3 Nc6 3. Bc4 Nf6 4. Ng5 d5 5. exd5 Na5 6. Bb5+ c6 7. dxc6 bxc6 8. Be2 h6 9. Nf3 e4 10. Ne5 Bd6 11. f4 exf3 12. Nxf3 0-0 13. 0-0 Qc7 14. h3 Ne4 15. d4 Ng3 16. Re1 c5 17. d5 c4 18. Be3 Re8 19. Bd4 Nf5 20. Kh1 Bg3 21. Rf1 Bf4 22. Bf2 Be3 23. Qe1 Bxf2 24. Rxf2 Ng3+ 25. Kg1 Qc5 26. Nc3 Bf5 27. Qd2 Nb7 28. Na4 Nxe2+ 29. Qxe2 Qb4 30. Ne5 Qxa4 31. Rxf5 Nd6 32. Rf3 c3 33. b3 Qd4+ 34. Kh1 Rxe5 35. Qd3 Qxd3 0-1